Sports Quiz

Random Sports Quiz

Wrestler Finisher Names Quiz Stats

 Plays Quiz not verified by Sporcle

Challenge
Share
Tweet
Embed
Score 0/100 Timer 12:00
0 Plays Today
Signature/Finishing Move Wrestler % Correct
Black Hole SlamAbyss
72.2%
LiontamerChris Jericho
68.1%
Pepsi PlungeCM Punk
58.8%
DominatorFaarooq
54.6%
Angel's WingsChristopher Daniels
52.8%
Pimp DropThe Godfather
52.3%
Cop/Gringo KillaHomicide
52.3%
The PounceMonty Brown
51.4%
Lasso from El PasoEddie Guerrero
50.9%
Open ____ SurgeryTeddy Hart
49.1%
Sliced Bread #2 Brian Kendrick
49.1%
Mic CheckMr. Kennedy
48.6%
That's Incredible!Justin Credible
48.1%
Dream StreetTed DiBiase
46.8%
Shake, Rattle and RollThe Honky Tonk Man
46.8%
Coast to CoastShane McMahon
46.3%
Border TossHernandez
46.3%
White Russian LegsweepThe Sandman
43.5%
Buzzsaw KickYoshihiro Tajiri
43.5%
Canadian Maple LeafLance Storm
43.1%
Juvi DriverJuventud Guerrera
42.6%
Shining WizardThe Great Muta
41.7%
Rocker DropperMarty Jannetty
41.2%
______ScrewdriverScott Steiner
40.7%
Cattle MutilationBryan Danielson
39.8%
Spiral TapAJ Styles
39.8%
PaydirtShelton Benjamin
39.4%
Code RedAmazing Red
38.9%
Acid DropSpike Dudley
37%
Cradle ShockChris Sabin
36.6%
Ghetto StompLow Ki
36.1%
_____ BlockbusterBuff Bagwell
34.7%
Whipper SnapperMikey Whipwreck
33.8%
Implant BusterAwesome Kong
33.8%
Signature/Finishing Move Wrestler % Correct
Russian SickleIvan Koloff
33.3%
Tongan SpikeMeng
32.9%
Nail in the CoffinVampiro
32.9%
Pittsburgh PlungeShane Douglas
32.4%
187 New Jack
32.4%
Polish HammerIvan Putski
31.9%
Backdrop Driver/SuplexTakeshi Morishima
31.5%
Gorilla Press DropUltimate Warrior
31.5%
Stock Market CrashIrwin R Schyster
31.5%
FlatlinerChris Kanyon
31%
Axe BomberHulk Hogan
30.1%
Chaos TheoryDoug Williams
29.2%
FelinerErnest Miller
28.7%
No Laughing MatterHugh Morrus
27.8%
Busaiku Knee KickKENTA
26.9%
Diss That Don't Miss2 Cold Scorpio
26.4%
Sudanese Meat CleaverAbdullah The Butcher
25.9%
ThumpJunkyard Dog
25.9%
Cryonic KickGlacier
25%
Emerald FlowsionMitsuharu Misawa
24.5%
Burning HammerKenta Kobashi
24.5%
Texas PiledriverTerry Funk
24.5%
Flux CapacitorFrankie Kazarian
24.5%
Air AfricaKamala
24.1%
SlapjackStevie Ray
23.6%
Knee TremblerWilliam Regal
23.6%
Spinning SpinebusterArn Anderson
23.1%
Chart BusterDisco Inferno
23.1%
Iron CurtainVladimir Kozlov
22.7%
FFG (Flying Firecrotch Guillotine)Christy Hemme
21.8%
Dead LevelKid Kash
20.4%
Uncle SlamThe Patriot
19.4%
Western LariatStan Hansen
19.4%
____ CrusherJohnny Ace
19%
Signature/Finishing Move Wrestler % Correct
WMD (Weapon of Mass Destruction)Sheik Abdul Bashir
18.5%
Chicago CrabColt Cabana
18.5%
Swiss DeathClaudio Castagnoli
17.6%
Backfist to the FutureEddie Kingston
16.7%
Jawbreaker LariatNigel McGuinness
15.7%
Last ChanceryAustin Aries
15.7%
Jungle KickChuck Palumbo
15.3%
Diamond DustMasato Tanaka
15.3%
_____ ConquestNorman Smiley
15.3%
Old School BombSteve Corino
14.8%
Iron ClawFritz Von Erich
14.4%
Airplane SpinGorilla Monsoon
13.9%
Larryland DreamerLarry Zbyszko
13.4%
Barry White DriverSuper Dragon
13.4%
Atlantic City AvalancheKing Kong Bundy
13%
Ode to BlitzkriegJack Evans
13%
End of the TrailTatanka
12%
Goodnight, IreneAdrian Adonis
12%
FRH (Fiery Red Hand)Sheamus O'Shaunessy
11.6%
Instant ReplayElix Skipper
11.1%
Atomic SpinecrusherBob Backlund
9.7%
Widow MakerSean O'Haire
6.9%
SST (Severe Skull Trauma)Axl Rotten
6.9%
Body BreakerJesse Ventura
5.6%
Caribbean CannonballPedro Morales
5.6%
El Paso de la MuerteTito Santana
5.6%
Golden Arm Bomber/Dangerous UranageHiroshi Hase
4.6%
Phoenix DDTJody Fleisch
4.2%
Kenka KickMasahiro Chono
4.2%
FlashbackScott Norton
2.8%
LandslideShinsuke Nakamura
2.3%
Cozy Crush DynamiteSatoshi Kojima
1.9%

You're not logged in!

Compare scores with friends on all Sporcle quizzes.
OR
Log In

You Might Also Like...

Show Comments

Extras

Top Quizzes Today


Score Distribution

Your Account Isn't Verified!

In order to create a playlist on Sporcle, you need to verify the email address you used during registration. Go to your Sporcle Settings to finish the process.

Report this User

Report this user for behavior that violates our Community Guidelines.

Details: